000 00634nam a22002177a 4500
005 20170209141407.0
008 170209b xxu||||| |||| 00| 0 eng d
020 _a9780143419112
_c299
040 _beng
041 _aEnglish
082 _a808.3
_bPAM
100 _aPamuk, Orhan
_d1952-
245 _aThe naive and the sentimental novelist
_bThe Charles Eliot Norton Lectures 2009
_cOrhan Pamuk. Translated by Nazim Dibkas
260 _aNew Delhi
_bPenguin Books
_c2012
300 _a200p
_b23 cm
504 _aIncludes index
650 _aNovel
_vWriting Novel
700 _4tr.
_aDibkas, Nazim
850 _aLCLIB
942 _cBK
999 _c40885
_d91364